00775nam a22002057a 450000500170000001000150001702000260003203500140005803700090007208200120008110000290009324500640012225000060018626000420019227001140023430000200034894200260036899900190039495201560041320240925152156.0 aENG-141766 a9789363182479c200.00 aEN-125298 bDBAD a303.568 aAmbedkar, Bhimrao971964 aHistory of Shudras:bWho were Shudras/cBy Bhimrao Ambedkar a1 aNew DelhibDiamond Pocket Booksc2024 aX- 30, Okhla Industrial Area, Phase-IIbNew Delhie110020mwecare@diamondbooks.ink011-40712100k011-41611861 a206p.c22cm(pb) 2ddccENh303.568mAMB c205894d205894 001040708NFICaVPbVPd2024-09-25eDelivery of Books Act Divisiong200.00l0o303.568 AMBpEN-125298r2024-09-25 00:00:00t1v200.00w2024-09-25yEN